000 00441nam a2200193Ia 4500
005 20230609103242.0
008 131103s9999 xx 000 0 und d
020 _cRs.11
040 _aLoreto College
041 _aEnglish
082 _aF
_bDOC
100 _aDoctorow,L.
245 _aRagtime
_cL.Doctorow
260 _aLondon
_bMacmillan
_c1976
300 _a236 p.
650 _aFiction in English
850 _aLCLIB
942 _cBK
999 _c15782
_d66261